| 000 | nam a22 7a 4500 | ||
|---|---|---|---|
| 999 |
_c232994 _d232994 |
||
| 003 | Nust | ||
| 005 | 20170227145445.0 | ||
| 008 | 170227b xxu||||| |||| 00| 0 eng d | ||
| 040 | _cDLC | ||
| 082 | _a954.91 FAB | ||
| 245 |
_aWandering with the Indus/ _cFabry, Philippe |
||
| 260 |
_aLahore : _bFerozsons, _c 1995 |
||
| 300 |
_a152p. : _c25 cm |
||
| 942 |
_2ddc _cBK |
||